LEADER 03002nam2 22005173i 450 001 LO10744449 005 20231121125523.0 100 $a20030423d2001 ||||0itac50 ba 101 | $aita 102 $ait 181 1$6z01$ai $bxxxe 182 1$6z01$an 200 1 $aDactyliotheca capponiana$ecollezionismo romano di intagli e cammei nella prima metą del 18. secolo$fMuseo nazionale romano, Biblioteca apostolica Vaticana$g[a cura] di Marco-Leopoldo Ubaldelli 210 $aRoma$cIstituto poligrafico e Zecca dello Stato, Libreria dello Stato$d2001$hstampa 2002 215 $a539 p., 26 carte di tav.$cill.$d29 cm. 461 1$1001PUV0913922$12001 $aCorpus gemmarum 606 $aGemme incise$xCataloghi$2FIR$3RMLC231743$9I 606 $aCollezione d'arte Alessandro Gregorio Capponi$xCataloghi$2FIR$3RMLC231744$9I 606 $aRoma$xMuseo nazionale romano$xCataloghi$2FIR$3RMLC012992$9I 606 $aGlittica$xRoma$xSec. 16.-19.$xCollezioni$2FIR$3RMLC156079$9I 676 $a736$9$v21 676 $a736.2$9$v21 702 1$aUbaldelli$b, Marco Leopoldo$3LO1V254497 710 02$aMuseo nazionale romano$3CFIV086710$4070$0172754 711 02$aBiblioteca apostolica vaticana$3CFIV013115$4070$0198706 791 02$aBiblioteca Vaticana$3CFIV122929$zBiblioteca apostolica vaticana 791 02$aBibliothčque Vaticane$3CFIV137873$zBiblioteca apostolica vaticana 791 02$aVatican library$3CFIV146632$zBiblioteca apostolica vaticana 791 02$aMinistero per i beni e le attivitą culturali$b : Soprintendenza speciale per i beni archeologici di Roma$b : Museo nazionale romano$3CFIV282076$zMuseo nazionale romano 791 02$aItalia$b : Ministero per i beni e le attivitą culturali$b : Soprintendenza speciale per i beni archeologici di Roma$b : Museo nazionale romano$3CFIV284314$zMuseo nazionale romano 801 3$aIT$bIT-01$c20030423 850 $aIT-RM028 $aIT-RM0290 $aIT-RM0418 $aIT-RM0249 $aIT-RM0459 $aIT-RM0211 $aIT-FR0084 $aIT-RM0460 $aIT-FR0017 899 $aBiblioteca Universitaria Alessandrina$bRM028 899 $aBIBLIOTECA ANGELICA$bRM0290 899 $aBIBLIOTECA ACCADEMIA NAZ. DEI LINCEI E CORSINIANA$bRM0418 899 $aSOCIETA' ROMANA DI STORIA PATRIA$bRM0249 899 $aARCHIVIO DI STATO DI ROMA$bRM0459 899 $aFondazione Marco Besso$bRM0211 899 $aBiblioteca Del Monumento Nazionale Di Montecassino$bFR0084 899 $aBiblioteca Dell' Archivio Centrale Dello Stato$bRM0460 899 $aBiblioteca umanistica Giorgio Aprea$bFR0017 $eN 912 $aLO10744449 950 2$aBiblioteca umanistica Giorgio Aprea$d 52MAG 1 COLL I 8.1$e 52FLS0000301415 VMB RS $fA $h20181203$i20181203 977 $a 01$a 06$a 10$a 11$a 12$a 14$a 25$a 27$a 52 996 $aDactyliotheca capponiana$93608566 997 $aUNICAS